| 000 | 00676nam a22002292a 4500 | ||
|---|---|---|---|
| 999 |
_c9116 _d9116 |
||
| 001 | 9116 | ||
| 003 | BD - JhCC | ||
| 005 | 20180308182753.0 | ||
| 008 | 500101s1961 nyua j 000 0 eng d | ||
| 035 |
_aOCLC ocm00932468 from D950727M _a(BD - JhCC)9116 |
||
| 040 |
_aDLC _cCXP _dSER _dEQO _dBD - JhCC |
||
| 041 | _aeng | ||
| 050 | 0 |
_aGV1201 _b.F56 |
|
| 082 |
_a372.5 _bFLE 1961 |
||
| 100 | 1 |
_aFletcher, Helen Jill, _d1910- |
|
| 245 | 1 | 4 |
_aThe big book of things to do and make. _bIllustrated by Ingrid Fetz |
| 260 |
_aNew York : _bRandom House, _c[1961] |
||
| 300 |
_a64 p. _billus. _c29 cm |
||
| 650 | 0 | _aCreative activities and seat work | |
| 942 |
_2ddc _cBK |
||